States of India by First Letter - Statistics

General Stats
  • This quiz has been taken 30 times
  • The average score is 25 of 36
Answers on the Map
Answers color-coded by a green-red scale on the quiz's map according to % correct below.
 
Answer Stats
State % Correct
Andaman and Nicobar Islands
93%
Andhra Pradesh
93%
Arunachal Pradesh
93%
Assam
93%
Lakshadweep
86%
Manipur
86%
Chandigarh
79%
Chhattisgarh
79%
Jammu and Kashmir
79%
Jharkhand
79%
Madhya Pradesh
79%
Maharashtra
79%
Meghalaya
79%
Mizoram
79%
Bihar
71%
Delhi
71%
Goa
71%
Gujarat
71%
Rajasthan
71%
Karnataka
64%
Kerala
64%
Uttarakhand
64%
Uttar Pradesh
64%
Dadra and Nagar Haveli and Daman and Diu
57%
Haryana
57%
Himachal Pradesh
57%
Ladakh
57%
Sikkim
57%
Tamil Nadu
57%
Telangana
57%
Tripura
57%
Odisha
50%
Puducherry
50%
Punjab
50%
West Bengal
43%
Nagaland
36%
No matching quizzes found
Score Distribution
Percent of People with Each Score
Percentile by Number Answered
Your Score History
You have not taken this quiz